000 01052cam a22003614a 4500
001 4623
003 FISKH
005 20240918112722.0
008 010601s2002 mnua b b 001 0 eng
010 _a 2001003314
020 _a0736811877
020 _a9780736893787
040 _aDLC
_cDLC
_dDLC
_beng
050 _aSF426.5
082 _a636.7
100 1 _aSchuh, Mari C.,
_d1975-
245 1 0 _aDogs on the farm /
_cby Mari C. Schuh.
260 _aMankato :
_bPebble Books,
_c2002.
300 _a24 pages :
_bcolor illustrations ;
_c18 cm
490 1 _aOn the farm
504 _aIncludes bibliographical references (p. 23).
505 _aD
520 _aSimple text and photographs introduce dogs and their lives on the farm.
521 8 _a160
_bLexile
521 8 _aD
_bRaz-Plus
650 0 _aDogs
_vJuvenile literature.
650 1 _aDogs.
650 1 _aFarm life.
800 1 _aSchuh, Mari C.,
_d1975-
_tOn the farm.
906 _a7
_brip
_corignew
_d1
_eecip
_f20
_gy-gencatlg
942 _2lcc
_cBK
_n0
999 _c4623
_d4623